| 000 | 00877nam a22001937a 4500 | ||
|---|---|---|---|
| 008 | 140912b xxu||||| |||| 00| 0 eng d | ||
| 020 | _a9780199644353 | ||
| 050 | _aKD7869.P33(8e) | ||
| 100 | _aPadfield, Nicola. | ||
| 245 |
_aCriminal law. / _cNicola Padfield. |
||
| 250 | _a8th ed. | ||
| 260 |
_aLondon : _bOxford University Press, _c2012. |
||
| 300 |
_axxxiii, 380p. _c23cm. |
||
| 440 | _aButterworths core text series. | ||
| 500 | _aIncludes index. | ||
| 505 | _aContents: Introduction -- The Conduct element of a crime -- Criminal states of mind -- Incapacitating conditions -- General defences -- Accomplices -- Inchoate offences -- Homicide -- Crimes of non-fatal violence -- Sexual offences -- Theft, fraud, and other property offences -- Criminal damage and public order offences -- Crimes against the environment. | ||
| 650 | _aCriminal law. | ||
| 942 |
_2lcc _cBK |
||
| 999 |
_c4765 _d12265 |
||